A Distant Challenge: (Record no. 194065)
[ view plain ]
| 000 -LEADER | |
|---|---|
| fixed length control field | 00734 a2200145 4500 |
| 003 - CONTROL NUMBER IDENTIFIER | |
| control field | Nust |
| 005 - DATE AND TIME OF LATEST TRANSACTION | |
| control field | 20230207124823.0 |
| 040 ## - CATALOGING SOURCE | |
| Transcribing agency | Nust |
| 082 ## - DEWEY DECIMAL CLASSIFICATION NUMBER | |
| Classification number | 959.3043,DIS |
| 245 ## - TITLE STATEMENT | |
| Title | A Distant Challenge: |
| Statement of responsibility, etc. | The US Infantrayman in Vietnam 1967-70 / |
| 260 ## - PUBLICATION, DISTRIBUTION, ETC. | |
| Place of publication, distribution, etc. | Alabama |
| Name of publisher, distributor, etc. | Birmingham |
| Date of publication, distribution, etc. | 1971 |
| 300 ## - PHYSICAL DESCRIPTION | |
| Extent | xiii,400p; |
| 505 ## - FORMATTED CONTENTS NOTE | |
| Formatted contents note | 1967, Carrying the Momentum (Page-5), Searching for the Enemy (Page-27), Getting it Together (Page-47), 1968, Tet Offensive (Page-93), Allies on the Offensive (Page-137), To Build an Army (Page-169), 1969, to Know the Enemy (Page-199), Changing Tactics (Page-227), Keeping the Pressure on (Page-267),1970, Vienamization (page-297)m The Varied Scene (Page-317),The Changing Tide (Page-333). |
| 942 ## - ADDED ENTRY ELEMENTS (KOHA) | |
| Source of classification or shelving scheme | |
| Koha item type | Book |
| Withdrawn status | Lost status | Source of classification or shelving scheme | Damaged status | Not for loan | Permanent Location | Current Location | Shelving location | Date acquired | Full call number | Barcode | Date last seen | Price effective from | Koha item type | Public note |
|---|---|---|---|---|---|---|---|---|---|---|---|---|---|---|
| Military College of Signals (MCS) | Military College of Signals (MCS) | General Stacks | 12/12/2016 | 959.3043,DIS | MCS21589 | 12/08/2016 | 12/12/2016 | Book | Almirah No.62, Shelf No.5 |
